| 000 | 00506nam a2200169 4500 | ||
|---|---|---|---|
| 999 |
_c507792 _d507792 |
||
| 008 | 190225b ||||| |||| 00| 0 eng d | ||
| 100 |
_aSharma, Hemant _92510 |
||
| 245 | _aStatus of marine fisheries sector in Gujarat | ||
| 260 | _c2018 | ||
| 300 | _ap.25-35. | ||
| 650 |
_aFisheries - India - Gujarat _92511 |
||
| 700 |
_aSwain, M. _92512 |
||
| 700 |
_aKalamkar, S.S. _92513 |
||
| 773 | _aAgricultural Situation in India | ||
| 906 | _aFishing Industry and Trade - India - Gujarat | ||
| 942 |
_2ddc _cAR |
||